[Event "Michigan Senior Reserve"]
[Site "Flint"]
[Date "2005.06.12"]
[Round "4"]
[White "Saylor, Oliver"]
[Black "George, Bruce"]
[Result "0-1"]
[WhiteElo "1414"]
[BlackElo "1534"]
[PlyCount "74"]
[EventDate "2005.06.11"]
[EventType "swiss"]
[EventRounds "4"]
[EventCountry "USA"]
[SourceTitle "EXT 2007"]
[Source "ChessBase"]
[SourceDate "2006.11.23"]
[SourceVersion "1"]
[SourceVersionDate "2006.11.23"]
[SourceQuality "1"]

1. e4 c5 2. Nf3 Nc6 3. d4 cxd4 4. Nxd4 e6 5. Nc3 Bb4 6. Nxc6 bxc6 7. Qd4 Bxc3+ 8. Qxc3 Qf6 9. e5 Qg6 10. g3 Qe4+ 11. Be3 Qxh1 12. h3 Ba6 13. 0-0-0 Bxf1 14. Qc5 Ne7 15. Qd6 0-0 16. Qxe7 Qxh3 17. Qxd7 Be2 18. Re1 Bf3 19. Qd4 Qg4 20. Qc3 Qf5 21. Bf4 Bh5 22. Qe3 Bg6 23. Re2 Qh3 24. Re1 Qg2 25. Qc5 Qd5 26. Qa3 Rfd8 27. b3 c5 28. Qa4 Qd4 29. Qxd4 cxd4 30. a4 Rac8 31. Re2 d3 32. Re3 Rxc2+ 33. Kd1 Rxf2 34. Bg5 Rb8 35. Ke1 Re2+ 36. Rxe2 dxe2 37. Kxe2 Rxb3 0-1

[Event "Michigan Senior Reserve"]
[Site "Flint"]
[Date "2005.06.11"]
[Round "1"]
[White "Mandell, Ed"]
[Black "George, Bruce"]
[Result "0-1"]
[WhiteElo "1290"]
[BlackElo "1534"]
[PlyCount "122"]
[EventDate "2005.06.11"]
[EventType "swiss"]
[EventRounds "4"]
[EventCountry "USA"]
[SourceTitle "EXT 2007"]
[Source "ChessBase"]
[SourceDate "2006.11.23"]
[SourceVersion "1"]
[SourceVersionDate "2006.11.23"]
[SourceQuality "1"]

1. d4 d5 2. Nf3 e6 3. e3 Nd7 4. b3 Ngf6 5. Nbd2 Bd6 6. Bb2 c6 7. Bd3 0-0 8. 0-0 Qe7 9. Ne5 c5 10. c4 cxd4 11. Nxd7 Bxd7 12. Bxd4 e5 13. Bc3 Bc6 14. f3 Bc5 15. Re1 Qd6 16. Rb1 Bb4 17. Bxb4 Qxb4 18. cxd5 Bxd5 19. Bc4 Rad8 20. Qe2 Bc6 21. Red1 a6 22. Nf1 b5 23. Rxd8 Rxd8 24. Bd3 e4 25. Bc2 exf3 26. gxf3 Qc5 27. Rc1 Qg5+ 28. Qg2 Qxg2+ 29. Kxg2 g6 30. Kf2 Bb7 31. Rd1 Rc8 32. Rd2 Kf8 33. Ng3 Ke7 34. e4 Ke6 35. Ne2 h5 36. Nf4+ Ke7 37. e5 Nd7 38. Nd3 g5 39. Bd1 Rc3 40. Ke2 Ke6 41. Rc2 Bxf3+ 42. Kd2 Rxc2+ 43. Bxc2 Be4 44. Nf4+ gxf4 45. Bxe4 Kxe5 46. Bf3 h4 47. Ke2 b4 48. Kf2 Kd4 49. Kg2 Ke3 50. Bh5 Ne5 51. Bd1 f3+ 52. Kf1 Nd3 53. Bc2 Kd2 54. Bb1 Kc3 55. Kg1 a5 56. Kf1 f6 57. Kg1 Nc1 58. Be4 Nxa2 59. Bd5 Nc1 60. Kf2 Nxb3 61. Bxf3 a4 0-1